[Event "LTU-ch sf"]
[Site "Kaunas"]
[Date "2024.03.11"]
[Round "8"]
[White "Perminaite, Guoda"]
[Black "Rimeikis, Andrius"]
[Result "1/2-1/2"]
[WhiteElo "1888"]
[BlackElo "2108"]
[PlyCount "84"]
[EventDate "2024.03.06"]
[EventType "swiss"]
[EventRounds "8"]
[EventCountry "LTU"]
[SourceTitle "CB11_2024"]
[SourceDate "2024.03.13"]
[SourceVersion "1"]
[SourceVersionDate "2024.03.13"]
[SourceQuality "1"]

1. e4 e5 2. Nf3 Nc6 3. Bb5 a6 4. Ba4 Nf6 5. 0-0 Be7 6. Re1 b5 7. Bb3 d6 8. c3 0-0 9. h3 Bb7 10. d4 Nd7 11. Nbd2 Na5 12. Bc2 Re8 13. Nf1 Bf6 14. Qd3 Nc4 15. a4 c5 16. b3 Ncb6 17. axb5 cxd4 18. cxd4 axb5 19. Rxa8 Qxa8 20. dxe5 dxe5 21. Qxb5 Rc8 22. Bb1 Be7 23. Be3 Bc6 24. Qd3 Bb4 25. Rc1 f6 26. Ng3 Rd8 27. Qe2 Kh8 28. Kh2 Qb7 29. Bd3 Nb8 30. Bb5 N6d7 31. Bxc6 Nxc6 32. Qc4 Na5 33. Qe6 Nf8 34. Qb6 Qxb6 35. Bxb6 Rb8 36. Bc7 Ra8 37. Ra1 Ne6 38. Bxa5 Rxa5 39. Rc1 Nc5 40. Rc4 Rb5 41. Nf5 Ba3 42. Nd2 g6 1/2-1/2

[Event "Taujenai-ch rapid"]
[Site "Taujenai"]
[Date "2023.10.29"]
[Round "8"]
[White "Kavalnis, Rytis"]
[Black "Perminaite, Guoda"]
[Result "1/2-1/2"]
[WhiteElo "1758"]
[BlackElo "1771"]
[PlyCount "91"]
[EventDate "2023.10.28"]
[EventType "swiss (rapid)"]
[EventRounds "10"]
[EventCountry "LTU"]
[SourceTitle "Mega2024 Update 01"]
[Source "Chessbase"]
[SourceDate "2023.11.12"]
[SourceVersion "1"]
[SourceVersionDate "2023.11.12"]
[SourceQuality "1"]

1. e4 e5 2. Nf3 Nc6 3. Bc4 Bc5 4. 0-0 Nf6 5. d4 Bxd4 6. Nxd4 Nxd4 7. Bg5 Qe7 8. Nc3 c6 9. f4 d6 10. f5 Bd7 11. a4 0-0-0 12. Kh1 d5 13. exd5 Nxf5 14. Bb3 h6 15. Bxf6 gxf6 16. Qh5 Ne3 17. dxc6 bxc6 18. Rfe1 Nf5 19. Qxf7 Qxf7 20. Bxf7 Nd4 21. Rac1 Bf5 22. Bb3 Kc7 23. Rf1 Rhf8 24. h3 h5 25. Rf2 Nxb3 26. cxb3 Be6 27. b4 Kb6 28. b5 cxb5 29. Nxb5 Bb3 30. Nc3 Rd4 31. Rcf1 Bxa4 32. Rxf6+ Rxf6 33. Rxf6+ Kc5 34. Rf5 Kd6 35. Rxh5 a5 36. Rh6+ Kc5 37. Re6 e4 38. Re5+ Kd6 39. Rxa5 e3 40. Ra6+ Ke5 41. Ra7 Kd6 42. Ra6+ Ke5 43. Ra7 Kd6 44. Kg1 Rd1+ 45. Nxd1 e2 46. Kh1 1/2-1/2

[Event "LTU-ch sf"]
[Site "Vilnius"]
[Date "2023.04.14"]
[Round "6"]
[White "Posaskov, Nikita"]
[Black "Perminaite, Guoda"]
[Result "1-0"]
[WhiteElo "2185"]
[BlackElo "1792"]
[PlyCount "93"]
[EventDate "2023.04.11"]
[EventType "swiss"]
[EventRounds "9"]
[EventCountry "LTU"]
[SourceTitle "CBM 213 Extra"]
[Source "ChessBase"]
[SourceDate "2023.05.31"]
[SourceVersion "1"]
[SourceVersionDate "2023.05.31"]
[SourceQuality "1"]

1. b3 Nf6 2. Bb2 d5 3. Nf3 e6 4. e3 c5 5. c4 Be7 6. cxd5 exd5 7. Be2 0-0 8. 0-0 Bf5 9. d4 b6 10. Nc3 Ne4 11. dxc5 Nxc3 12. Bxc3 bxc5 13. Rc1 Nc6 14. Qd2 Qd6 15. Rfd1 Rfd8 16. Qb2 Qg6 17. Kh1 Be4 18. Ne1 Bd6 19. Bf3 Bc7 20. Qe2 Qd6 21. g3 Qe6 22. Kg2 Rac8 23. Bb2 Bb6 24. Nd3 Bxd3 25. Qxd3 d4 26. Qe4 Qf6 27. exd4 Nxd4 28. Bg4 Rb8 29. Re1 Qd6 30. h4 g6 31. Bf3 Qf6 32. Re3 Qd6 33. h5 f5 34. Qe7 Rd7 35. Qxd6 Rxd6 36. Re7 g5 37. Rce1 h6 38. Be2 Kf8 39. Bc4 Rf6 40. Rh7 Rd8 41. Ree7 Rb8 42. Reg7 Ke8 43. Rg8+ Rf8 44. Rxf8+ Kxf8 45. Bxd4 cxd4 46. Rh8+ Ke7 47. Rxb8 1-0

[Event "LTU-ch (Women)"]
[Site "Kaunas"]
[Date "2022.05.27"]
[Round "7"]
[White "Zykiene, Rita"]
[Black "Perminaite, Guoda"]
[Result "0-1"]
[WhiteElo "1728"]
[BlackElo "1756"]
[PlyCount "72"]
[EventDate "2022.05.22"]
[EventType "tourn"]
[EventRounds "9"]
[EventCountry "LTU"]
[SourceTitle "CBM 208 Extra"]
[Source "ChessBase"]
[SourceDate "2022.07.31"]
[SourceVersion "1"]
[SourceVersionDate "2022.07.31"]
[SourceQuality "1"]

1. d4 d5 2. c4 e6 3. Nc3 Be7 4. e4 dxe4 5. Nxe4 Nf6 6. Nxf6+ Bxf6 7. Nf3 0-0 8. Bd3 Nc6 9. Be3 Re8 10. Qd2 e5 11. dxe5 Nxe5 12. Nxe5 Bxe5 13. 0-0-0 Qf6 14. Qc2 h6 15. Kb1 Bf4 16. Bxf4 Qxf4 17. g3 Qf6 18. Rhe1 Bg4 19. Rc1 Qd4 20. Be2 Qxf2 21. Bxg4 Qxe1 22. Rxe1 Rxe1+ 23. Bd1 Rd8 24. Qf5 Rexd1+ 25. Kc2 R1d2+ 26. Kc3 c6 27. b3 Rxa2 28. Qe5 Rxh2 29. Qc7 Rhd2 30. Qxb7 c5 31. Qe4 Kf8 32. Qf5 R8d3+ 33. Qxd3 Rxd3+ 34. Kxd3 Ke7 35. Ke4 Ke6 36. Kf4 f5 0-1

[Event "LTU-ch (Women)"]
[Site "Kaunas"]
[Date "2022.05.22"]
[Round "1"]
[White "Perminaite, Guoda"]
[Black "Gedvilaite, Barbora"]
[Result "1-0"]
[WhiteElo "1756"]
[BlackElo "1478"]
[PlyCount "59"]
[EventDate "2022.05.22"]
[EventType "tourn"]
[EventRounds "9"]
[EventCountry "LTU"]
[SourceTitle "CBM 208 Extra"]
[Source "ChessBase"]
[SourceDate "2022.07.31"]
[SourceVersion "1"]
[SourceVersionDate "2022.07.31"]
[SourceQuality "1"]

1. e4 c5 2. Nf3 d6 3. d4 cxd4 4. Nxd4 Nf6 5. Nc3 g6 6. Be3 Bg7 7. f3 0-0 8. Qd2 Bd7 9. 0-0-0 Nc6 10. h4 h5 11. Be2 Ne5 12. Rdg1 Qc8 13. Bh6 Kh7 14. Bxg7 Kxg7 15. Qg5 Rh8 16. g4 Kf8 17. gxh5 Nxh5 18. Nd5 Qd8 19. f4 Nc6 20. Nb5 Rc8 21. f5 e6 22. fxe6 Qxg5+ 23. Rxg5 Bxe6 24. Nxd6 Rb8 25. Rf1 Rh7 26. Rxg6 Nd8 27. Rg5 Ng7 28. h5 Ne8 29. Nxe8 Kxe8 30. Nf6+ 1-0

[Event "LTU-ch sf"]
[Site "Vilnius"]
[Date "2022.04.11"]
[Round "7"]
[White "Perminaite, Simona"]
[Black "Perminaite, Guoda"]
[Result "0-1"]
[WhiteElo "1466"]
[BlackElo "1742"]
[PlyCount "96"]
[EventDate "2022.04.08"]
[EventType "swiss"]
[EventRounds "9"]
[EventCountry "LTU"]
[SourceTitle "CBM 207 Extra"]
[Source "ChessBase"]
[SourceDate "2022.05.31"]
[SourceVersion "1"]
[SourceVersionDate "2022.05.31"]
[SourceQuality "1"]

1. e4 e5 2. Nf3 Nc6 3. Bc4 Bc5 4. c3 Nf6 5. d3 d6 6. h3 h6 7. a4 a5 8. 0-0 0-0 9. Re1 Re8 10. Nbd2 Bb6 11. Nf1 Ne7 12. Be3 Bxe3 13. Nxe3 Ng6 14. b4 Be6 15. Bxe6 Rxe6 16. b5 d5 17. Nc2 Qd6 18. Na3 Rd8 19. Qb3 b6 20. Rad1 Qe7 21. exd5 Nxd5 22. Nc4 Ndf4 23. d4 exd4 24. Rxe6 Qxe6 25. Nxd4 Ne2+ 26. Nxe2 Rxd1+ 27. Qxd1 Qxc4 28. Qc2 Ne5 29. Nd4 Qd3 30. Qxd3 Nxd3 31. Nc6 Kf8 32. Nb8 Ke8 33. Kf1 Nc5 34. c4 Nxa4 35. g3 Nb2 36. Ke2 Nxc4 37. Kd3 Nd6 38. f4 Nxb5 39. Nc6 Nd6 40. Ne5 Ke7 41. g4 Ke6 42. Kd4 c5+ 43. Kd3 b5 44. Nc6 a4 45. Kc2 b4 46. Kb2 Kd5 47. Na5 Nc4+ 48. Nxc4 Kxc4 0-1

[Event "LTU-ch sf"]
[Site "Vilnius"]
[Date "2022.04.10"]
[Round "4"]
[White "Perminaite, Guoda"]
[Black "Dijokas, Linas"]
[Result "1-0"]
[WhiteElo "1742"]
[BlackElo "2146"]
[PlyCount "75"]
[EventDate "2022.04.08"]
[EventType "swiss"]
[EventRounds "9"]
[EventCountry "LTU"]
[SourceTitle "CBM 207 Extra"]
[Source "ChessBase"]
[SourceDate "2022.05.31"]
[SourceVersion "1"]
[SourceVersionDate "2022.05.31"]
[SourceQuality "1"]

1. e4 c5 2. Nf3 Nc6 3. d4 cxd4 4. Nxd4 e5 5. Nb5 a6 6. Nd6+ Bxd6 7. Qxd6 Qf6 8. Qc7 Nge7 9. Nc3 Nb4 10. Bd3 d5 11. a3 Nxd3+ 12. cxd3 d4 13. Na4 0-0 14. Nb6 Ra7 15. 0-0 Bg4 16. f3 Bh5 17. Nd7 Qc6 18. Qxc6 bxc6 19. Nxf8 Kxf8 20. g4 Bg6 21. f4 exf4 22. Bxf4 h5 23. h3 Rb7 24. b4 Nc8 25. Rac1 Na7 26. Be5 hxg4 27. hxg4 Rd7 28. Rc4 Nb5 29. Rxc6 f6 30. Rxa6 Ke7 31. Bf4 Bf7 32. g5 Bh5 33. gxf6+ gxf6 34. Ra5 Be2 35. Rxb5 Bxd3 36. Rd5 Rxd5 37. exd5 Bxf1 38. Kxf1 1-0

[Event "LTU-ch (Women)"]
[Site "Vilnius"]
[Date "2021.10.22"]
[Round "1"]
[White "Perminaite, Guoda"]
[Black "Ratkeviciute, Laurinta"]
[Result "1-0"]
[WhiteElo "1727"]
[BlackElo "1184"]
[PlyCount "127"]
[EventDate "2021.10.22"]
[EventType "swiss"]
[EventRounds "7"]
[EventCountry "LTU"]
[SourceTitle "CBM 204 Extra"]
[Source "ChessBase"]
[SourceDate "2021.11.30"]
[SourceVersion "1"]
[SourceVersionDate "2021.11.30"]
[SourceQuality "1"]

1. e4 e5 2. Nf3 Nc6 3. Bb5 g6 4. c3 Bg7 5. 0-0 Nge7 6. d4 exd4 7. cxd4 a6 8. Ba4 0-0 9. Nc3 d6 10. h3 b5 11. Bb3 Na5 12. Bc2 c5 13. Bg5 Qc7 14. Re1 Nac6 15. Ne2 f5 16. dxc5 dxc5 17. Bf4 Qb7 18. Qc1 fxe4 19. Bxe4 c4 20. Bd6 Bf6 21. Rb1 Bd7 22. Ned4 Qb6 23. Nxc6 Bxc6 24. Bxe7 Bxe4 25. Rxe4 Rfe8 26. Bxf6 Rxe4 27. Bc3 Rd8 28. Qh6 Rd7 29. Re1 Rxe1+ 30. Bxe1 Qf6 31. Qc1 Rd3 32. Bc3 Qd6 33. Ne1 Rd1 34. Qe3 b4 35. Qe8+ Qf8 36. Qxf8+ Kxf8 37. Bxb4+ Kf7 38. Kf1 Ke6 39. Ke2 Rd7 40. Nc2 h5 41. Ne3 Rc7 42. Ba5 Rc5 43. Bc3 Rc6 44. Kf3 g5 45. Ke4 Rc8 46. f4 gxf4 47. Kxf4 Kf7 48. Nf5 Rc5 49. Ke4 Kg6 50. Ne3 Rg5 51. Kd4 Rg3 52. Be1 Rg5 53. Kxc4 Re5 54. Kd4 Rb5 55. b4 Rb8 56. a4 Rd8+ 57. Nd5 Kf5 58. Kc5 Re8 59. g4+ hxg4 60. hxg4+ Kg5 61. Bd2+ Kg6 62. b5 axb5 63. axb5 Re2 64. Nf4+ 1-0

[Event "LTU-chT Rapid"]
[Site "Panevezys"]
[Date "2019.11.24"]
[Round "6.4"]
[White "Perminaite, Guoda"]
[Black "Vedrickiene, Jovita"]
[Result "1-0"]
[WhiteElo "1860"]
[BlackElo "2033"]
[PlyCount "101"]
[EventDate "2019.11.23"]
[EventType "team-swiss (rapid)"]
[EventRounds "8"]
[EventCountry "LTU"]
[SourceTitle "EXT 2023"]
[Source "ChessBase"]
[SourceDate "2022.10.05"]
[SourceVersion "1"]
[SourceVersionDate "2022.10.05"]
[SourceQuality "1"]

1. e4 c5 2. Nf3 Nc6 3. d4 cxd4 4. Nxd4 Nf6 5. Nc3 e5 6. Ndb5 d6 7. Bg5 a6 8. Na3 b5 9. Nd5 Be7 10. Bxf6 Bxf6 11. c3 Ne7 12. Nc2 Bg5 13. Nxe7 Qxe7 14. g3 Bb7 15. Bg2 0-0 16. 0-0 f5 17. exf5 Bxg2 18. Kxg2 Qb7+ 19. Kg1 d5 20. Qg4 Bf6 21. Rad1 Rac8 22. Qf3 Rfd8 23. Rfe1 a5 24. Ne3 e4 25. Qe2 b4 26. c4 d4 27. Nd5 Rxd5 28. cxd5 Qxd5 29. Qxe4 Qxe4 30. Rxe4 Rc2 31. Kf1 Rxb2 32. Re2 Rxe2 33. Kxe2 a4 34. Kd3 b3 35. axb3 axb3 36. Rb1 Kf8 37. Rxb3 Ke7 38. Rb6 Kd7 39. Ke4 Kc7 40. Re6 Kd7 41. Ra6 Ke7 42. f4 h6 43. g4 Kf7 44. Ra7+ Kf8 45. Rb7 Kg8 46. Rb1 Kf7 47. Rh1 Ke7 48. h4 Kd6 49. g5 hxg5 50. fxg5 Be5 51. Rd1 1-0

[Event "LTU-chT Rapid"]
[Site "Panevezys"]
[Date "2019.11.23"]
[Round "3.8"]
[White "Sibajeva, Marija"]
[Black "Perminaite, Guoda"]
[Result "0-1"]
[WhiteElo "1948"]
[BlackElo "1860"]
[PlyCount "52"]
[EventDate "2019.11.23"]
[EventType "team-swiss (rapid)"]
[EventRounds "8"]
[EventCountry "LTU"]
[SourceTitle "EXT 2023"]
[Source "ChessBase"]
[SourceDate "2022.10.05"]
[SourceVersion "1"]
[SourceVersionDate "2022.10.05"]
[SourceQuality "1"]

1. e4 e5 2. Nf3 Nc6 3. Bb5 a6 4. Ba4 b5 5. Bb3 g6 6. c3 Bg7 7. 0-0 Nge7 8. d4 exd4 9. cxd4 d6 10. Bg5 0-0 11. Nc3 h6 12. Bxe7 Nxe7 13. Rc1 Bg4 14. Nd5 Rc8 15. a4 c5 16. dxc5 dxc5 17. axb5 axb5 18. Nc3 c4 19. Ba2 b4 20. Na4 Ra8 21. b3 c3 22. Bb1 Nc6 23. Qd5 Bxf3 24. Qxc6 Qg5 25. g3 Qg4 26. Rxc3 bxc3 0-1

[Event "LTU-ch Rapid op"]
[Site "Taujenai"]
[Date "2019.10.20"]
[Round "8.8"]
[White "Kalvaitis, Sigitas"]
[Black "Perminaite, Guoda"]
[Result "1-0"]
[WhiteElo "2287"]
[BlackElo "1823"]
[PlyCount "114"]
[EventDate "2019.10.19"]
[EventType "swiss (rapid)"]
[EventRounds "11"]
[EventCountry "LTU"]
[SourceTitle "EXT 2023"]
[Source "ChessBase"]
[SourceDate "2022.10.05"]
[SourceVersion "1"]
[SourceVersionDate "2022.10.05"]
[SourceQuality "1"]

1. b3 e5 2. Bb2 Nc6 3. e3 Nf6 4. Bb5 d6 5. Nf3 Bd7 6. d4 exd4 7. Nxd4 Nxd4 8. Bxd7+ Qxd7 9. Qxd4 Qg4 10. 0-0 Qxd4 11. Bxd4 Be7 12. c4 0-0 13. Rd1 Rfd8 14. f3 d5 15. Nd2 a6 16. Kf2 Rac8 17. c5 c6 18. b4 Ne8 19. Nb3 f6 20. Na5 Rb8 21. a4 Nc7 22. f4 Re8 23. f5 Kf7 24. g4 Bd8 25. Kf3 Re7 26. h4 g6 27. Rh1 Ne8 28. Nb3 Ng7 29. fxg6+ Kxg6 30. h5+ Kf7 31. Raf1 Ne6 32. Ke2 Re8 33. Kd3 Ng5 34. Rf4 Ne4 35. Rhf1 Ke6 36. Nd2 Nxd2 37. Kxd2 Rf8 38. a5 Be7 39. Kd3 h6 40. Rf5 Rf7 41. e4 dxe4+ 42. Kxe4 Rg8 43. Kf3 Rfg7 44. Rf4 Rg5 45. Re1+ Kf7 46. Rxe7+ Kxe7 47. Bxf6+ Ke6 48. Bxg5 Rxg5 49. Rf8 Rg7 50. Rh8 Kd5 51. Rxh6 Kc4 52. Rh8 Kxb4 53. h6 Rf7+ 54. Ke4 Kxc5 55. g5 b5 56. axb6 Kxb6 57. g6 Re7+ 1-0

[Event "LTU-ch (Women)"]
[Site "Vilnius"]
[Date "2019.03.16"]
[Round "2"]
[White "Kiseleva, Simona"]
[Black "Perminaite, Guoda"]
[Result "1-0"]
[WhiteElo "2233"]
[BlackElo "1814"]
[PlyCount "97"]
[EventDate "2019.03.15"]
[EventType "swiss"]
[EventRounds "7"]
[EventCountry "LTU"]
[SourceTitle "CBM 189 Extra"]
[Source "ChessBase"]
[SourceDate "2019.06.03"]
[SourceVersion "1"]
[SourceVersionDate "2019.06.03"]
[SourceQuality "1"]

1. Nf3 d5 2. g3 e6 3. Bg2 Nf6 4. d4 Be7 5. 0-0 0-0 6. c4 b6 7. Nc3 Bb7 8. Ne5 Na6 9. cxd5 exd5 10. Be3 c5 11. Rc1 Re8 12. Qa4 Bd6 13. Nd3 cxd4 14. Bxd4 Nc7 15. Rfd1 Ne4 16. Be3 Qe7 17. Nf4 Be5 18. Nxe4 dxe4 19. Rd7 Qf6 20. Rcxc7 Bxc7 21. Rxc7 Re7 22. Rxb7 Rxb7 23. Bxe4 Rbb8 24. Bxa8 Rxa8 25. Bd4 Qd6 26. Bc3 Qe7 27. Qd4 Qf8 28. Nh5 f6 29. Nf4 Re8 30. h4 Qe7 31. h5 h6 32. Qd5+ Qf7 33. Qxf7+ Kxf7 34. Kf1 Rd8 35. Ke1 b5 36. e3 a6 37. Ke2 Ke7 38. e4 Kd6 39. Nd3 Kc6 40. Ke3 Kb6 41. e5 fxe5 42. Bxe5 Rd7 43. f4 a5 44. a3 Kc6 45. Ke4 Re7 46. g4 Rd7 47. Ne1 Rf7 48. Nf3 Kd7 49. Nd4 1-0